<?xml version="1.0" encoding="UTF-8"?>
<marc:record xmlns:marc="http://www.loc.gov/MARC21/slim">
   <marc:leader>00000nam a2200000 a 4500</marc:leader>
   <marc:datafield ind1="0" ind2="0" tag="245">
      <marc:subfield code="a">GEO 25 / 07</marc:subfield>
   </marc:datafield>
   <marc:datafield ind1="0" ind2="0" tag="245">
      <marc:subfield code="b">die Welt mit anderen Augen sehen</marc:subfield>
   </marc:datafield>
   <marc:datafield ind1=" " ind2="1" tag="264">
      <marc:subfield code="a">Hamburg</marc:subfield>
      <marc:subfield code="b">Gruner + Jahr GmbH</marc:subfield>
      <marc:subfield code="c">25</marc:subfield>
   </marc:datafield>
   <marc:datafield ind1="1" ind2=" " tag="490">
      <marc:subfield code="a">-</marc:subfield>
   </marc:datafield>
   <marc:datafield ind1="1" ind2=" " tag="520">
      <marc:subfield code="a">Neuroforschung - Fit im Kopf: wie wir unser Gehirn leistungsfähig machen ; &#xD;
Streetfood - ein Teller Welt: Sterneköche am Straßenrand ; &#xD;
Saatgut oder böse? Das Geheimnis der Samentütchen aus China ; &#xD;
Österreich - Green Care: Heilsame Bauernhöfe - Orte der Begegnung ; &#xD;
Elektroden gegen Depression ; &#xD;
Tour de France 1967 - Doping Tote ; &#xD;
Was wurde aus "Team Africa"? ; &#xD;
uvm.</marc:subfield>
   </marc:datafield>
   <marc:datafield ind1=" " ind2=" " tag="041">
      <marc:subfield code="a">ger</marc:subfield>
   </marc:datafield>
   <marc:datafield ind1=" " ind2=" " tag="338">
      <marc:subfield code="a">Band</marc:subfield>
   </marc:datafield>
</marc:record>
